MARC

LEADER 00000nam0a2200000 4500
001 364287
005 20231102011655.0
035 |a (RuTPU)RU\TPU\retro\21645 
090 |a 364287 
100 |a 20211111d1980 km y0rusy50 ca 
101 0 |a rus 
102 |a RU 
105 |a a z 001zy 
200 1 |a Основы статистической теории обработки металлов давлением (методы решения технологических задач)  |f Б. М. Готлиб, И. А. Добычин, В. М. Баранчиков  |g под ред. Б. М. Готлиба 
210 |a Москва  |c Металлургия  |d 1980 
215 |a 168 с.  |c ил. 
320 |a Библиогр.: с. 165-168 
606 1 |a Обработка металлов давлением  |x Энергией взрыва  |2 stltpush  |3 (RuTPU)RU\TPU\subj\46592  |9 65712 
610 1 |a статистическая теория 
610 1 |a технологические задачи 
610 1 |a краевые задачи 
610 1 |a вариационные методы 
610 1 |a аналитические исследования 
610 1 |a количественная оценка 
610 1 |a скоростные режимы 
675 |a 621.73.01  |v 4 
700 1 |a Готлиб  |b Б. М.  |g Борис Михайлович 
701 1 |a Добычин  |b И. А.  |g Иван Александрович 
701 1 |a Баранчиков  |b В. М.  |g Владимир Михайлович 
702 1 |a Готлиб  |b Б. М.  |4 340 
801 1 |a RU  |b 63413507  |c 20211111 
942 |c BK